000 01110nam a2200277 i 4500
001 9675
003 ES-MaACL
005 20230906145731.0
007 t|
008 931124s1993 sp ||||1| spa d
020 _a84-86852-23-4
080 _a061.3(464.1)"1991": 159.9
080 _a361:159.9(063)
111 2 _aJornadas de Psicología de la Intervención Social (
_n3ª.
_d1991.
_cMadrid)
_9816
245 1 0 _aIII Jornadas de psicología de la intervención social
_b: Madrid, 27, 28 y 29 de noviembre de 1991 /
_cColegio Oficial de Psicólogos, Delegación de Madrid.
260 _aMadrid :
_bInstituto Nacional de Servicios Sociales,
_cD.L. 1993.
300 _a3 v.(1430 p.) ;
_c22 cm.
490 1 _aServicios sociales ;
_v19
500 _aIndice.
650 _aAsistencia social-
_xAspectos psicológicos.
_910378
710 2 _aColegio Oficial de Psicólogos (España).
_bDelegación de Madrid.
_92978
710 2 _aInstituto Nacional de Servicios Sociales (España)
_95189
830 0 _aServicios sociales ;
_v19
_9178582
852 _aES-MaACL
_jL-17088-90
_bR.121649
999 _c9675
_d9675